লোডিং...
Kathayum Thirakkathayum
| প্রধান লেখক: | |
|---|---|
| বিন্যাস: | Printed Book |
| ভাষা: | English |
| প্রকাশিত: |
Kozhikode
Olive Publications
2005
|
| LEADER | 00472nam a22001457a 4500 | ||
|---|---|---|---|
| 008 | 180612s9999 000 0 eng | ||
| 041 | |a Mal | ||
| 082 | |a M810 | ||
| 100 | |a Divakaran R V M | ||
| 245 | |a Kathayum Thirakkathayum | ||
| 260 | |a Kozhikode |b Olive Publications |c 2005 | ||
| 300 | |a 209p |b PB | ||
| 942 | |2 ddc |c BK | ||
| 999 | |c 272201 |d 272201 | ||
| 952 | |0 0 |1 0 |4 0 |6 M_810_000000000000000_DIV_K |7 0 |9 306249 |a ASC |b ASC |c ST1 |d 2011-12-14 |g 0.00 |l 0 |o M810 DIV/K |p ASCG24 |r 2018-08-20 |w 2018-08-20 |y BK | ||